00601nam a2200181Ia 4500008004100000010001400041040002600055041002600081082001700107100002200124245004400146260004000190300002100230600002500251942000900276999001900285952011500304090201s9999 xx 000 0 und d aKPL-12813 bइंग्रजी aइंग्रजी a23974b12813 aacharya rajneesh awhat is meditation ?cacharya rajneesh c2004bishwarlal n shah publications a58bमोठा awhat is meditation ? cBOOK c223389d223389 00104070aKALYANPLbKALYANPLd0000-00-00g3.00l0pKPL-12813r2009-02-01 00:00:00t1v3.00w2009-02-01yBOOK